<?xml version="1.0" encoding="UTF-8"?>
<collection xmlns="http://www.loc.gov/MARC21/slim">
 <record>
  <leader>02641naa a2200385   4500</leader>
  <controlfield tag="001">1778325114</controlfield>
  <controlfield tag="003">DE-627</controlfield>
  <controlfield tag="005">20211123092452.0</controlfield>
  <controlfield tag="007">cr uuu---uuuuu</controlfield>
  <controlfield tag="008">211123s2002    xx |||||o     00| ||spa c</controlfield>
  <datafield tag="024" ind1="7" ind2=" ">
   <subfield code="a">10.24310/BoLArte.2002.v0i23.4783</subfield>
   <subfield code="2">doi</subfield>
  </datafield>
  <datafield tag="035" ind1=" " ind2=" ">
   <subfield code="a">(DE-627)1778325114</subfield>
  </datafield>
  <datafield tag="035" ind1=" " ind2=" ">
   <subfield code="a">(DE-599)KXP1778325114</subfield>
  </datafield>
  <datafield tag="040" ind1=" " ind2=" ">
   <subfield code="a">DE-627</subfield>
   <subfield code="b">ger</subfield>
   <subfield code="c">DE-627</subfield>
   <subfield code="e">rda</subfield>
  </datafield>
  <datafield tag="041" ind1=" " ind2=" ">
   <subfield code="a">spa</subfield>
  </datafield>
  <datafield tag="084" ind1=" " ind2=" ">
   <subfield code="a">KUNST</subfield>
   <subfield code="q">DE-16</subfield>
   <subfield code="2">fid</subfield>
  </datafield>
  <datafield tag="100" ind1="1" ind2=" ">
   <subfield code="a">Sánchez Soler, Antonio</subfield>
   <subfield code="e">VerfasserIn</subfield>
   <subfield code="4">aut</subfield>
  </datafield>
  <datafield tag="245" ind1="1" ind2="0">
   <subfield code="a">Del amor y la muerte</subfield>
   <subfield code="b">dibujos y grabados de la Biblioteca Nacional : Sala de Exposiciones La Pedrera, Barcelona, Julio-Octubre 2001 y Biblioteca Nacional, Madrid, Marzo-Mayo 2002</subfield>
   <subfield code="c">Antonio Sánchez Soler</subfield>
  </datafield>
  <datafield tag="264" ind1=" " ind2="1">
   <subfield code="c">2002</subfield>
  </datafield>
  <datafield tag="300" ind1=" " ind2=" ">
   <subfield code="b">1 Illustration</subfield>
  </datafield>
  <datafield tag="336" ind1=" " ind2=" ">
   <subfield code="a">Text</subfield>
   <subfield code="b">txt</subfield>
   <subfield code="2">rdacontent</subfield>
  </datafield>
  <datafield tag="337" ind1=" " ind2=" ">
   <subfield code="a">Computermedien</subfield>
   <subfield code="b">c</subfield>
   <subfield code="2">rdamedia</subfield>
  </datafield>
  <datafield tag="338" ind1=" " ind2=" ">
   <subfield code="a">Online-Ressource</subfield>
   <subfield code="b">cr</subfield>
   <subfield code="2">rdacarrier</subfield>
  </datafield>
  <datafield tag="500" ind1=" " ind2=" ">
   <subfield code="a">Ausstellungsrezension</subfield>
  </datafield>
  <datafield tag="520" ind1=" " ind2=" ">
   <subfield code="a">La Biblioteca Nacional mostró parte de su colección de dibujos y grabados en una exposición celebrada entre los meses de julio y octubre del pasado año 2001 en la Sala de Exposiciones de La Pedrera, en el Paseo de Gracia barcelonés. Organizada conjuntamente entre la Fundación Caixa Catalunya y la propia Biblioteca Nacional, la exposición permitió admirar 101 de las mejores obras europeas sobre papel de los siglos XV al XIX, seleccionadas de entre las miles con que cuenta en sus fondos dicha Biblioteca. Piezas originales de artistas de primer nivel como Durero, Goya, Remprandt, Tiziano o &quot;estampas de traducción&quot;, es decir, copias, de obras de Miguel Angel, Van Dyck, Tiépolo, Veronés o Fortuny fueron un gran atractivo para el público, no sólo en Barcelona, sino también en la Sala de Exposiciones de la Biblioteca Nacional en Madrid y en el Museo de Bellas Artes de Bilbao, donde posteriormente se exhibieron.</subfield>
  </datafield>
  <datafield tag="773" ind1="0" ind2="8">
   <subfield code="i">Enthalten in</subfield>
   <subfield code="t">Boletin de arte</subfield>
   <subfield code="d">Malaga, 1999</subfield>
   <subfield code="g">23(2002), Seite 679-682</subfield>
   <subfield code="w">(DE-627)805401458</subfield>
   <subfield code="w">(DE-600)2800739-6</subfield>
   <subfield code="w">(DE-576)420019847</subfield>
   <subfield code="x">2695-415X</subfield>
   <subfield code="7">|||s</subfield>
  </datafield>
  <datafield tag="773" ind1="1" ind2="8">
   <subfield code="g">volume:23</subfield>
   <subfield code="g">year:2002</subfield>
   <subfield code="g">pages:679-682</subfield>
  </datafield>
  <datafield tag="856" ind1="4" ind2="0">
   <subfield code="u">https://doi.org/10.24310/BoLArte.2002.v0i23.4783</subfield>
   <subfield code="x">Verlag</subfield>
   <subfield code="x">Resolving-System</subfield>
   <subfield code="z">kostenfrei</subfield>
   <subfield code="3">Volltext</subfield>
  </datafield>
  <datafield tag="856" ind1="4" ind2="0">
   <subfield code="u">https://revistas.uma.es/index.php/boletin-de-arte/article/view/4783</subfield>
   <subfield code="x">Verlag</subfield>
   <subfield code="z">kostenfrei</subfield>
   <subfield code="3">Volltext</subfield>
  </datafield>
  <datafield tag="936" ind1="u" ind2="w">
   <subfield code="d">23</subfield>
   <subfield code="j">2002</subfield>
   <subfield code="h">679-682</subfield>
  </datafield>
  <datafield tag="951" ind1=" " ind2=" ">
   <subfield code="a">AR</subfield>
  </datafield>
  <datafield tag="994" ind1=" " ind2=" ">
   <subfield code="u">https://revistas.uma.es/index.php/boletin-de-arte/article/download/4783/4463/</subfield>
  </datafield>
  <datafield tag="994" ind1=" " ind2=" ">
   <subfield code="u">https://revistas.uma.es/index.php/boletin-de-arte/article/download/4783/4463/</subfield>
  </datafield>
  <datafield tag="991" ind1=" " ind2=" ">
   <subfield code="a">Rezension (Veranstaltung, Ausstellung)</subfield>
  </datafield>
  <datafield tag="999" ind1=" " ind2=" ">
   <subfield code="a">KXP-PPN1778325114</subfield>
   <subfield code="e">4016948770</subfield>
  </datafield>
 </record>
</collection>
